000 00519nam a2200181Ia 4500
005 20250508151641.0
008 008 250505s9999 xx 000 0 eng d
037 _aBooks to be hide in OPAC
040 _aFEDL
_beng
_cFEDL
041 _aeng
_2eng
084 _a658, STE
_qFEDL
100 _aStephenson James
_9342365
245 0 _aPrinciples and practice of commerce
260 _aLondon, UK
_bSir Isaac Pitman and Sons Ltd
300 _axvi,896p
942 _cHB
_h658, STE
999 _c1331156
_d1331156